000 00563nam a2200217Ia 4500
005 20241129120241.0
008 241129s9999||||xx |||||||||||||| ||und||
020 _a9788119159239
037 _aTB
040 _aSDCL
_beng
_cSDCL
041 _ahin
_2hin
084 _aO152,6N23x, R3
_qSDCL
100 _aTiwari Bhola Nath
245 0 _aShabdon Ka Jeevan
260 _aNew Delhi
_bRajkamal Prakashan India
_c2023
300 _a118p.
365 _aINR
_b395
650 _aHindi
942 _cTB
_hO152,6N23x, R3
999 _c1234004
_d1234004